000 00940nam a22003137a 4500
001 BR0805008
003 BR-BrBNA
005 20230928102650.0
007 ta
008 230509b bl.||||| |||| 00| 0 por d
040 _aBR-BrBNA
_bpor
_cBiblioteca Nacional de Agricultura
041 _a(Por)
072 _aE11; E51
090 _ E11 BR0805008
100 1 _aGalizoni, F.M.
110 1 _aBanco do Nordeste do Brasil S.A., Fortaleza, CE (Brasil)
245 1 _aA terra construida; família, trabalho e ambiente no Alto Jequitinhonha, Minas Gerais
_bSérie BNB Teses e Dissertações, nº 10
260 3 _aFortaleza, CE (Brasil):
_c2007.
300 _a124 p.
500 _aBibliography p. 105-112; 17 illus.
650 _aPOSSE DE TERRA
650 _aCOMUNIDADE RURAL
650 _aFAMÍLIA
650 _aTRABALHO
650 _aDEMOGRAFIA
650 _aMINAS GERAIS
909 _a202309
_bLucia
_c55
_dLucia Elande
942 _cBK
999 _c71939
_d71939